Digging deeper : (Record no. 3516)
[ view plain ]
| 000 -LEADER | |
|---|---|
| fixed length control field | 00630cam a2200169 i 4500 |
| 008 - FIXED-LENGTH DATA ELEMENTS--GENERAL INFORMATION | |
| fixed length control field | 200210s2020 njua b 001 0 eng |
| 020 ## - INTERNATIONAL STANDARD BOOK NUMBER | |
| ISBN | 9780691208572 |
| 100 1# - MAIN ENTRY--AUTHOR | |
| Author | Cline, Eric H., |
| 245 10 - TITLE STATEMENT | |
| Title | Digging deeper : |
| Remainder of title | how archaeology works / |
| Statement of responsibility, etc | Eric H. Cline. |
| 260 ## - PUBLICATION, DISTRIBUTION, ETC. (IMPRINT) | |
| Place of publication | Oxfordshire |
| Name of publisher | Princeton University Press |
| Date of publication | 2020 |
| 300 ## - COLLATION | |
| Pagination | xi, 161 pages : |
| Other physical details | illustrations ; |
| 520 ## - SUMMARY, ETC. | |
| Summary, etc | "A brief, accessible primer explaining the basics of archaeology from "How do you know where to dig?" to "Do you get keep what you find?""-- |
| 650 #0 - TRACINGS | |
| Main Subject | Archaeology |
| Subdivision (2nd) | Methodology. |
| 942 ## - ADDED ENTRY ELEMENTS (KOHA) | |
| Item type | Books |
| 050 00 - LIBRARY OF CONGRESS CALL NUMBER | |
| Classification number | CC75.5 |
| Item number | .C55 2020 |
| 082 00 - DEWEY DECIMAL CLASSIFICATION NUMBER | |
| Classification number | 930.1072 |
| Source of classification or shelving scheme | Not for loan | Permanent location | Current location | Date acquired | Accession No. | Full call number | Barcode. | Koha item type |
|---|---|---|---|---|---|---|---|---|
| Library of Congress Classification | Samuel Ogbemudia Main Library, University of Abuja | Samuel Ogbemudia Main Library, University of Abuja | 05/15/2025 | 2024/63769 | CC75.5.C55 | 2025-1989 | Books |